000 00723nam a2200289Ia 4500
005 20260324133232.0
008 008 260324s9999 xx 000 0 eng d
020 _a9781410607539
037 _aEBOOK
040 _aCRL
040 _beng
040 _cCRL
041 _2eng
041 _aeng
084 _qCRL
100 _aKristin O. Prien; Kristin O. Prien; Jeffery S. Schippmann
_91192311
245 0 _aIndividual Assessment
245 0 _bAs Practiced in Industry and Consulting
260 _bTaylor and Francis
260 _c2003
365 _a
365 _b240
856 _uhttp://www.taylorfrancis.com/books/9781410607539
942 _cEBOOK
999 _c1791183
_d1791183